Heritage building information modelling (Record no. 116062)
[ view plain ]
| 000 -LEADER | |
|---|---|
| fixed length control field | 01781cad a22003255a 4500 |
| 001 - CONTROL NUMBER | |
| control field | E159628 |
| 008 - FIXED-LENGTH DATA ELEMENTS--GENERAL INFORMATION | |
| fixed length control field | 130206s2017 xxk f 000 0 eng d |
| 020 ## - INTERNATIONAL STANDARD BOOK NUMBER | |
| International Standard Book Number | 9781315628011 |
| 035 ## - SYSTEM CONTROL NUMBER | |
| System control number | (Sirsi) u159628 |
| 041 0# - LANGUAGE CODE | |
| Language code of text/sound track or separate title | eng |
| 050 04 - LIBRARY OF CONGRESS CALL NUMBER | |
| Classification number | 692.8 $2 18 |
| 245 ## - TITLE STATEMENT | |
| Title | Heritage building information modelling |
| Medium | [electronic resource] |
| 260 ## - PUBLICATION, DISTRIBUTION, ETC. | |
| Place of publication, distribution, etc. | Abingdon |
| Name of publisher, distributor, etc. | Routledge |
| Date of publication, distribution, etc. | 2017 |
| 300 ## - PHYSICAL DESCRIPTION | |
| Extent | EBOOK |
| 520 ## - SUMMARY, ETC. | |
| Summary, etc. | Heritage Building Information Modelling (HBIM) differs necessarily from the commonplace applications of BIM to new construction. Where BIM is being used, the focus is still very much on design and construction. However, its use as an operational and management tool for existing buildings, particularly heritage buildings, is lagging behind. It aims to clearly define the scope for HBIM and present cutting-edge research findings alongside international case studies, before outlining challenges for the future of HBIM research and practice. After an extensive introduction to HBIM, the core themes of the book are arranged into four parts. Restoration philosophies in practice, data capture and visualisation for maintenance and repair, building performance, stakeholder engagement. |
| 590 ## - LOCAL NOTE (RLIN) | |
| Local note | KA |
| 650 24 - SUBJECT ADDED ENTRY--TOPICAL TERM | |
| Topical term or geographic name entry element | BIM |
| 9 (RLIN) | 6219 |
| 650 24 - SUBJECT ADDED ENTRY--TOPICAL TERM | |
| Topical term or geographic name entry element | HERITAGE MANAGEMENT |
| 650 24 - SUBJECT ADDED ENTRY--TOPICAL TERM | |
| Topical term or geographic name entry element | HERITAGE PROPERTY |
| 651 #4 - SUBJECT ADDED ENTRY--GEOGRAPHIC NAME | |
| Geographic name | United Kingdom |
| Chronological subdivision | |
| 690 ## - LOCAL SUBJECT ADDED ENTRY--TOPICAL TERM (OCLC, RLIN) | |
| Topical term or geographic name as entry element | BIM |
| 9 (RLIN) | 6219 |
| 700 1# - ADDED ENTRY--PERSONAL NAME | |
| Personal name | Arayici, Yusuf |
| International Standard Serial Number | Editor |
| 700 1# - ADDED ENTRY--PERSONAL NAME | |
| Personal name | Counsell, John |
| International Standard Serial Number | Editor |
| 700 1# - ADDED ENTRY--PERSONAL NAME | |
| Personal name | Mahdjoubi, Lamine |
| International Standard Serial Number | Editor |
| 700 1# - ADDED ENTRY--PERSONAL NAME | |
| Personal name | Nagy, Gehan A. |
| International Standard Serial Number | Editor |
| 700 1# - ADDED ENTRY--PERSONAL NAME | |
| Personal name | Hawas, Soheir |
| International Standard Serial Number | Editor |
| 700 1# - ADDED ENTRY--PERSONAL NAME | |
| Personal name | Dweidar, Khaled |
| International Standard Serial Number | Editor |
| 856 40 - ELECTRONIC LOCATION AND ACCESS | |
| Uniform Resource Identifier | <a href="www.rics.org/Global/RICS_BIM_for_building_surveyors_1st_edition_PG_guidance.pdf">www.rics.org/Global/RICS_BIM_for_building_surveyors_1st_edition_PG_guidance.pdf</a> |
| Public note | View the guidance free of charge (member-only content) at www.rics.org |
| 942 ## - ADDED ENTRY ELEMENTS (KOHA) | |
| Suppress in OPAC | 0 |
| Withdrawn status | Lost status | Source of classification or shelving scheme | Damaged status | Not for loan | Home library | Current library | Shelving location | Date acquired | Total Checkouts | Full call number | Barcode | Date last seen | Copy number | Price effective from | Koha item type |
|---|---|---|---|---|---|---|---|---|---|---|---|---|---|---|---|
| Dewey Decimal Classification | Virtual | Virtual | Online | 29/11/2017 | ONLINE PUBLICATION | 159628-2001 | 06/08/2019 | 1 | 06/08/2019 | Book |